<?xml version="1.0" encoding="UTF-8"?>
<collection xmlns="http://www.loc.gov/MARC21/slim">

<record>
	<leader>00000cam a2200000 4500</leader>
	<controlfield tag="001">QQ20352964</controlfield>
	<controlfield tag="003">AFFRC</controlfield>
	<controlfield tag="005">20190426164439</controlfield>
	<controlfield tag="007">  </controlfield>
	<controlfield tag="008">091106s2009    ja ||||  ||||u||||u jpnnd</controlfield>
	<datafield tag="016" ind1="7" ind2=" ">
		<subfield code="a">QQ20352964</subfield>
		<subfield code="2">JP-TsAFF</subfield>
	</datafield>
	<datafield tag="020" ind1=" " ind2=" ">
	<subfield code="a">9784585002789</subfield>
	<subfield code="c">2500円+税</subfield>
	</datafield>
	<datafield tag="040" ind1=" " ind2=" ">
		<subfield code="a">AFFRC</subfield>
	</datafield>
	<datafield tag="041" ind1="0" ind2=" ">
		<subfield code="a">jpn</subfield>
	</datafield>
	<datafield tag="084" ind1="1" ind2="4">
		<subfield code="a">007.58</subfield>
		<subfield code="2">NDC9</subfield>
	</datafield>
	<datafield tag="700" ind1="1" ind2="0">
		<subfield code="a">日本図書館情報学会研究委員会</subfield>
	</datafield>
	
	
	
	<datafield tag="245" ind1="1" ind2="0">
		<subfield code="a">情報アクセスの新たな展開</subfield>
		<subfield code="c">日本図書館情報学会研究委員会編</subfield>
	</datafield>
	
	<datafield tag="246" ind1="3" ind2=" ">
		<subfield code="a">情報アクセスの新たな展開 : 情報検索・利用の最新動向</subfield>
	</datafield>
	<datafield tag="246" ind1="3" ind2=" ">
		<subfield code="a">情報アクセスの新たな展開 : 情報検索利用の最新動向</subfield>
	</datafield>
	
	
	<datafield tag="260" ind1=" " ind2=" ">
		<subfield code="a">東京</subfield>
		<subfield code="b">勉誠出版</subfield>
		<subfield code="c">2009.10.</subfield>
	</datafield>
	
<datafield tag="300" ind1=" " ind2=" ">
<subfield code="a">vii, 204p</subfield>
<subfield code="b">挿図;</subfield>
<subfield code="c">21cm.</subfield>
</datafield>
	
	<datafield tag="440" ind1=" " ind2="0">
		<subfield code="a">シリーズ・図書館情報学のフロンティア</subfield>
		<subfield code="n">No.9</subfield>
	</datafield>
	
	<datafield tag="504" ind1=" " ind2=" ">
		<subfield code="a">文献: 論末</subfield>
	</datafield>
	
	<datafield tag="599" ind1="0" ind2="7">
		<subfield code="a">QQ20231452</subfield>
	</datafield>
	
	<datafield tag="650" ind1=" " ind2="4">
		<subfield code="a">情報検索</subfield>
	</datafield>
	<datafield tag="650" ind1=" " ind2="4">
		<subfield code="a">情報利用法</subfield>
	</datafield>
	<datafield tag="650" ind1=" " ind2="4">
		<subfield code="a">文献探索</subfield>
	</datafield>
	<datafield tag="650" ind1=" " ind2="4">
		<subfield code="a">オンライン目録</subfield>
	</datafield>
	<datafield tag="852" ind1=" " ind2=" ">
		<subfield code="a">99</subfield>
		<subfield code="b">2F 単行書</subfield>
		<subfield code="i">,010.8/Tos/9,026178</subfield>
	</datafield>
	<datafield tag="990" ind1=" " ind2=" ">
		<subfield code="a">99</subfield>
		<subfield code="b">99/00009</subfield>
		<subfield code="i">,010.8/Tos/9,026178</subfield>
		<subfield code="j">010.8/Tos/9</subfield>
	</datafield>
</record>



</collection>
